00340 a2200121 450000100060000010000050000624500260001126000300003709000170006794200310008499900190011595200840013457586 a aIslam and criminality aLahorebMinhaj ul Quranc c35321d35321 aNUST-CAEcMONOGRAPHc28138 c292659d292659 001040708NFICaCAEbCAEd2017-04-03l0pCAE80272r2017-04-05w2017-04-05yBK